02157cam a2200337 i 45000010009000000050017000090080041000260100017000670200029000840400023001130410012001360420008001480500025001561000033001812450276002142640037004903000071005275000219005985000126008175200588009436550030015317000026015617000025015877000024016127000030016367000031016667000031016977000033017287000027017617100031017882043623820250319182009.0180409s2018 caua 6 000 1 eng  a 2018015811 a9781401278519 (hardback) aDLCbengcDLCerda aEnglish apcc00aPN6728.Z46bJ87 2018 aJurgens, Danewritereartist10aZero hour b: crisis in time c/ Dan Jurgens, writer ; Dan Jurgens, Jerry Ordway, Frank Fosco, Ken Branch, artists ; Gregory Wright, Stuart Chaifetz, colorists ; Gaspar, Starkings/Comicraft, letterers ; Dan Jurgens, Jerry Ordway & Brad Anderson, collection cover artists. 1aBurbank, CA :bDC Comics,c2018. a1 volume (various pagings) :bchiefly color illustrations ;c27 cm a"Superman created by Jerry Siegel and Joe Shuster - Superboy created by Jerry Siegel, by special arrangement with the Jerry Siegel family - Supergirl based on the characters created by Jerry Siegel and Joe Shuster" a"Originally published in single magazine form in SHOWCASE '94 8, 9 and ZERO HOUR: CRISIS IN TIME 4-0."--Title page verso. aOne of the most monumental crossovers in DC history is now collected in a brand-new hardcover with ZERO HOUR: CRISIS IN TIME! All of reality comes under attack when a mysterious force of entropy begins slowly erasing time itself--making its way from both the past and future toward the present! As history itself unravels around them, the heroes of the world--including Superman, Batman, Wonder Woman, The Flash, The Justice Society and the Titans--scramble to fix the broken timestream. But even if they stop the true source of the chaos, the world they save will never be the same! 0aComic books, strips, etc. aOrdway, Jerryeartist aFosco, Frankeartist aBranch, Keneartist aWright, Gregoryecolorist aChaifetz, Stuartecolorist aSaladino, Gaspareletterer aStarkings, Richardeletterer aAnderson, Bradeartist aComicraft (Firm)eletterer